00531 2200169 4500001002100000005001500021035002000036007000300056008004100059082001000100084001700110100001100127245008400138260009200222300003800314650000900352INLIS00000000000149820250922105917 a0010-0925000012ta250922 g 0 ind  a636.5 a636.5 MAS s0 aMasito1 aStandar Budidaya Ayam KUB : Pembibitan, Pakan dan Manajemen Kesehatan /cMasito aSumatera Selatan :bBalai Penerapan Standar Instrumen Pertanian Sumatera Selatan,c2023 a49 hlm, :bilus, ;c15 cm x 21 cm 4aBuku